00215 a2200109 4500001000700000020000600007040001100013100002300024240002700047245002200074362000900096180645 a  cMagnum aFaulkner, Georgene10aO elefante brancolpor10aO elefante branco0 a1899